000
00302nam a22001337a 4500
008
170330b xxu||||| |||| 00| 0 eng d
020
_a
003011442
041
_a
eng
080
_2
13 ED
_a
616-053.2
100
_a
8
101
_a
SHM
245
_a
PEDIATRICS NELSON TEXBOOK
_c
BEHRMAN.R.E
942
_2
udc
_c
BK
999
_c
9167
_d
9167